[Event "ODJM A 2022"]
[Site "Willingen GER"]
[Date "2022.06.07"]
[Round "4"]
[White "Brockmeyer, Tobias"]
[Black "Kardoeus, David"]
[Result "0-1"]
[Termination "normal"]
[Board "8"]
[WhiteElo "1936"]
[BlackElo "2142"]
[WhiteClock "00:00:58"]
[BlackClock "00:04:04"]
[PlyCount "130"]
[WhiteFideId "12982385"]
[BlackFideId "12912050"]
[EventCountry "GER"]
[EventRounds "9"]
[EventType "swiss"]
[EventDate "2022.06.04"]

1. c4 {[%clk 1:30:59]} Nf6 {[%clk 1:30:13]} 2. g3 {[%clk 1:31:25]} g6 {[%clk
1:30:05]} 3. Bg2 {[%clk 1:31:54]} Bg7 {[%clk 1:30:26]} 4. Nc3 {[%clk 1:32:13]}
O-O {[%clk 1:30:48]} 5. Nf3 {[%clk 1:32:32]} d6 {[%clk 1:31:03]} 6. O-O {[%clk
1:32:43]} c5 {[%clk 1:31:26]} 7. a3 {[%clk 1:31:24]} Nc6 {[%clk 1:29:28]} 8.
Rb1 {[%clk 1:29:29]} a5 {[%clk 1:29:33]} 9. e3 {[%clk 1:25:10]} Bd7 {[%clk
1:23:47]} 10. Qe2 {[%clk 1:10:43]} e5 {[%clk 1:20:50]} 11. d3 {[%clk 0:46:30]}
Nh5 {[%clk 1:11:09]} 12. Nd5 {[%clk 0:41:25]} f5 {[%clk 1:07:27]} 13. b4 {[%clk
0:40:32]} cxb4 {[%clk 0:58:29]} 14. axb4 {[%clk 0:38:21]} Nxb4 {[%clk 0:58:13]}
15. Nxb4 {[%clk 0:37:53]} axb4 {[%clk 0:58:36]} 16. Rxb4 {[%clk 0:36:25]} Bc6
{[%clk 0:56:06]} 17. Bd2 {[%clk 0:18:33]} Ra2 {[%clk 0:55:33]} 18. Rfb1 {[%clk
0:17:36]} Bxf3 {[%clk 0:45:36]} 19. Bxf3 {[%clk 0:15:55]} e4 {[%clk 0:45:47]}
20. Bxh5 {[%clk 0:15:34]} Bc3 {[%clk 0:43:04]} 21. Bxc3 {[%clk 0:15:48]} Rxe2
{[%clk 0:42:29]} 22. Bxe2 {[%clk 0:16:16]} Qa5 {[%clk 0:40:56]} 23. R4b3 {[%clk
0:11:27]} Qa2 {[%clk 0:40:47]} 24. Kf1 {[%clk 0:11:05]} Qc2 {[%clk 0:40:08]}
25. dxe4 {[%clk 0:06:57]} Ra8 {[%clk 0:36:33]} 26. Bd4 {[%clk 0:02:53]} Ra2
{[%clk 0:26:03]} 27. R3b2 {[%clk 0:02:51]} Qxe4 {[%clk 0:26:24]} 28. f3 {[%clk
0:01:35]} Rxb2 {[%clk 0:26:45]} 29. Rxb2 {[%clk 0:01:48]} Qc6 {[%clk 0:25:57]}
30. Rb6 {[%clk 0:01:25]} Qd7 {[%clk 0:24:22]} 31. Kf2 {[%clk 0:01:23]} g5
{[%clk 0:24:06]} 32. Rb5 {[%clk 0:00:35]} h6 {[%clk 0:22:32]} 33. c5 {[%clk
0:00:39]} d5 {[%clk 0:22:10]} 34. Rb6 {[%clk 0:00:53]} f4 {[%clk 0:21:09]} 35.
Rg6+ {[%clk 0:01:09]} Kf8 {[%clk 0:21:25]} 36. Rf6+ {[%clk 0:01:27]} Ke8 {[%clk
0:21:33]} 37. exf4 {[%clk 0:01:28]} Qh3 {[%clk 0:21:15]} 38. Kg1 {[%clk
0:01:15]} gxf4 {[%clk 0:20:59]} 39. Rxf4 {[%clk 0:01:38]} Qe6 {[%clk 0:20:07]}
40. Kf2 {[%clk 0:01:41]} Qc6 {[%clk 0:17:14]} 41. Bd3 {[%clk 0:21:03]} Qa4
{[%clk 0:46:32]} 42. Bg6+ {[%clk 0:19:57]} Kd7 {[%clk 0:46:56]} 43. Kg2 {[%clk
0:19:05]} Qd1 {[%clk 0:46:46]} 44. Kh3 {[%clk 0:18:45]} Qd2 {[%clk 0:46:22]}
45. Bf7 {[%clk 0:16:57]} Kc6 {[%clk 0:43:10]} 46. Be8+ {[%clk 0:11:45]} Kc7
{[%clk 0:43:38]} 47. Be5+ {[%clk 0:10:51]} Kd8 {[%clk 0:43:55]} 48. Ba4 {[%clk
0:09:58]} Ke7 {[%clk 0:39:52]} 49. Bg7 {[%clk 0:07:07]} Qe3 {[%clk 0:37:35]}
50. Bxh6 {[%clk 0:07:12]} Qe6+ {[%clk 0:37:57]} 51. g4 {[%clk 0:05:11]} Qxh6+
{[%clk 0:37:04]} 52. Kg3 {[%clk 0:05:40]} Qe6 {[%clk 0:36:23]} 53. h4 {[%clk
0:02:20]} Qe1+ {[%clk 0:33:52]} 54. Kh3 {[%clk 0:02:37]} Qf1+ {[%clk 0:28:40]}
55. Kg3 {[%clk 0:02:56]} Qg1+ {[%clk 0:28:26]} 56. Kh3 {[%clk 0:03:24]} Qxc5
{[%clk 0:24:20]} 57. g5 {[%clk 0:02:18]} b5 {[%clk 0:23:26]} 58. Bb3 {[%clk
0:02:23]} Qe3 {[%clk 0:23:21]} 59. Kg4 {[%clk 0:01:41]} Qxb3 {[%clk 0:18:42]}
60. g6 {[%clk 0:01:24]} Qb1 {[%clk 0:13:55]} 61. h5 {[%clk 0:01:20]} b4 {[%clk
0:08:29]} 62. Kg5 {[%clk 0:00:36]} b3 {[%clk 0:04:35]} 63. g7 {[%clk 0:00:33]}
Qh7 {[%clk 0:04:14]} 64. h6 {[%clk 0:00:33]} b2 {[%clk 0:04:11]} 65. Rb4 {[%clk
0:00:58]} b1=Q {[%clk 0:04:04]} 0-1

[Event "ODJM A 2022"]
[Site "Willingen GER"]
[Date "2022.06.07"]
[Round "4"]
[White "Jenner, Meikel"]
[Black "Kracht, Raphael"]
[Result "1-0"]
[Termination "normal"]
[Board "9"]
[WhiteElo "1981"]
[BlackElo "2086"]
[WhiteClock "00:33:38"]
[BlackClock "00:29:32"]
[PlyCount "91"]
[WhiteFideId "16245342"]
[BlackFideId "16214382"]
[EventCountry "GER"]
[EventRounds "9"]
[EventType "swiss"]
[EventDate "2022.06.04"]

1. e4 {[%clk 1:30:57]} e5 {[%clk 1:28:47]} 2. Bc4 {[%clk 1:31:19]} Nf6 {[%clk
1:27:48]} 3. Nf3 {[%clk 1:31:43]} Nc6 {[%clk 1:21:58]} 4. Ng5 {[%clk 1:32:06]}
Bc5 {[%clk 1:22:09]} 5. Bxf7+ {[%clk 1:25:50]} Ke7 {[%clk 1:17:25]} 6. Bb3
{[%clk 1:19:25]} Rf8 {[%clk 1:15:09]} 7. O-O {[%clk 1:14:59]} d6 {[%clk
1:15:34]} 8. Nc3 {[%clk 1:13:13]} Qe8 {[%clk 1:07:57]} 9. Nd5+ {[%clk 1:00:38]}
Kd8 {[%clk 1:06:09]} 10. d3 {[%clk 0:56:28]} h6 {[%clk 1:00:54]} 11. Nf3 {[%clk
0:56:54]} Qh5 {[%clk 0:46:33]} 12. Ne3 {[%clk 0:53:23]} g5 {[%clk 0:38:38]} 13.
c3 {[%clk 0:48:50]} g4 {[%clk 0:37:02]} 14. Ne1 {[%clk 0:45:05]} Bb6 {[%clk
0:27:44]} 15. N1c2 {[%clk 0:37:02]} Bd7 {[%clk 0:22:30]} 16. Kh1 {[%clk
0:33:15]} Qh4 {[%clk 0:17:00]} 17. Qe1 {[%clk 0:25:23]} Nh5 {[%clk 0:12:56]}
18. Bd2 {[%clk 0:23:47]} Ne7 {[%clk 0:11:04]} 19. g3 {[%clk 0:23:23]} Qf6
{[%clk 0:09:42]} 20. Qe2 {[%clk 0:23:24]} Qf3+ {[%clk 0:05:25]} 21. Qxf3 {[%clk
0:23:48]} gxf3 {[%clk 0:05:45]} 22. d4 {[%clk 0:21:45]} Ng6 {[%clk 0:05:27]}
23. Nc4 {[%clk 0:21:00]} Bh3 {[%clk 0:05:35]} 24. Nxb6 {[%clk 0:21:04]} axb6
{[%clk 0:05:20]} 25. Rfd1 {[%clk 0:17:42]} exd4 {[%clk 0:03:33]} 26. Nxd4
{[%clk 0:15:20]} Nf6 {[%clk 0:03:03]} 27. Bxh6 {[%clk 0:13:46]} Nxe4 {[%clk
0:03:30]} 28. Bxf8 {[%clk 0:14:01]} Nxf2+ {[%clk 0:03:48]} 29. Kg1 {[%clk
0:14:23]} Nxd1 {[%clk 0:03:47]} 30. Rxd1 {[%clk 0:14:41]} Nxf8 {[%clk 0:04:10]}
31. Nxf3 {[%clk 0:14:51]} Ra5 {[%clk 0:02:08]} 32. Rd5 {[%clk 0:14:07]} Ra8
{[%clk 0:00:59]} 33. Ng5 {[%clk 0:13:11]} Bd7 {[%clk 0:01:24]} 34. h4 {[%clk
0:12:38]} Ng6 {[%clk 0:01:49]} 35. Nf7+ {[%clk 0:11:56]} Ke7 {[%clk 0:01:58]}
36. h5 {[%clk 0:10:08]} Nf8 {[%clk 0:02:24]} 37. Rd2 {[%clk 0:09:53]} Ra5
{[%clk 0:01:24]} 38. h6 {[%clk 0:07:03]} Bg4 {[%clk 0:00:38]} 39. Rf2 {[%clk
0:05:40]} d5 {[%clk 0:00:34]} 40. Ng5 {[%clk 0:04:15]} d4 {[%clk 0:00:36]} 41.
h7 {[%clk 0:04:22]} Ng6 {[%clk 0:00:32]} 42. Nf7 {[%clk 0:03:51]} dxc3 {[%clk
0:00:32]} 43. bxc3 {[%clk 0:03:43]} Rc5 {[%clk 0:29:57]} 44. Bc2 {[%clk
0:33:04]} Rxc3 {[%clk 0:29:33]} 45. Bxg6 {[%clk 0:33:22]} Bf3 {[%clk 0:29:32]}
46. Rxf3 {[%clk 0:33:38]} 1-0

[Event "ODJM A 2022"]
[Site "Willingen GER"]
[Date "2022.06.07"]
[Round "4"]
[White "Struck, Lasse"]
[Black "Gerlach, Felix"]
[Result "1-0"]
[Termination "normal"]
[Board "10"]
[WhiteElo "1847"]
[BlackElo "2072"]
[WhiteClock "00:09:01"]
[BlackClock "00:00:38"]
[PlyCount "79"]
[WhiteFideId "16255623"]
[BlackFideId "12957690"]
[EventCountry "GER"]
[EventRounds "9"]
[EventType "swiss"]
[EventDate "2022.06.04"]

1. d4 {[%clk 1:30:59]} Nf6 {[%clk 1:30:56]} 2. c4 {[%clk 1:31:22]} c5 {[%clk
1:31:13]} 3. d5 {[%clk 1:30:53]} e6 {[%clk 1:31:38]} 4. Nc3 {[%clk 1:31:10]}
exd5 {[%clk 1:32:00]} 5. cxd5 {[%clk 1:31:35]} Bd6 {[%clk 1:32:25]} 6. g3
{[%clk 1:28:52]} O-O {[%clk 1:29:03]} 7. Nf3 {[%clk 1:27:44]} Re8 {[%clk
1:24:26]} 8. Nd2 {[%clk 1:26:54]} Bf8 {[%clk 1:19:30]} 9. Bg2 {[%clk 1:26:40]}
d6 {[%clk 1:19:51]} 10. O-O {[%clk 1:26:29]} Na6 {[%clk 1:19:42]} 11. e4 {[%clk
1:21:04]} Rb8 {[%clk 1:17:37]} 12. a4 {[%clk 1:13:58]} Nb4 {[%clk 1:16:54]} 13.
Nc4 {[%clk 1:13:10]} b6 {[%clk 1:17:02]} 14. f4 {[%clk 0:59:53]} Ba6 {[%clk
1:12:32]} 15. b3 {[%clk 0:57:58]} Rb7 {[%clk 1:11:56]} 16. Bb2 {[%clk 0:45:46]}
Rd7 {[%clk 1:07:51]} 17. Rf2 {[%clk 0:39:00]} g6 {[%clk 0:57:59]} 18. Rd2
{[%clk 0:38:23]} Bb7 {[%clk 0:58:00]} 19. Qf3 {[%clk 0:34:35]} Bg7 {[%clk
0:53:25]} 20. Rad1 {[%clk 0:34:17]} Rde7 {[%clk 0:47:04]} 21. g4 {[%clk
0:24:19]} Nxe4 {[%clk 0:25:15]} 22. Nxe4 {[%clk 0:24:29]} Bxb2 {[%clk 0:25:18]}
23. Nexd6 {[%clk 0:21:28]} Bd4+ {[%clk 0:24:14]} 24. Rxd4 {[%clk 0:20:36]} cxd4
{[%clk 0:24:31]} 25. Nxb7 {[%clk 0:18:02]} Rxb7 {[%clk 0:23:46]} 26. d6 {[%clk
0:16:53]} Rd7 {[%clk 0:22:35]} 27. Rxd4 {[%clk 0:15:46]} Qf6 {[%clk 0:16:02]}
28. Ne5 {[%clk 0:12:50]} a5 {[%clk 0:15:14]} 29. g5 {[%clk 0:11:46]} Qg7 {[%clk
0:04:43]} 30. Rxb4 {[%clk 0:11:30]} Rxd6 {[%clk 0:05:05]} 31. Rc4 {[%clk
0:09:54]} f6 {[%clk 0:01:48]} 32. Ng4 {[%clk 0:09:13]} fxg5 {[%clk 0:02:13]}
33. fxg5 {[%clk 0:09:32]} Rf8 {[%clk 0:01:00]} 34. Nf6+ {[%clk 0:09:23]} Kh8
{[%clk 0:01:27]} 35. Qf4 {[%clk 0:07:35]} Rd1+ {[%clk 0:01:06]} 36. Bf1 {[%clk
0:07:47]} Qb7 {[%clk 0:00:48]} 37. Rc7 {[%clk 0:07:53]} Rxf1+ {[%clk 0:00:40]}
38. Kxf1 {[%clk 0:08:20]} Qh1+ {[%clk 0:00:47]} 39. Kf2 {[%clk 0:08:45]} Rf7
{[%clk 0:00:38]} 40. Rc8+ {[%clk 0:09:01]} 1-0

[Event "ODJM A 2022"]
[Site "Willingen GER"]
[Date "2022.06.07"]
[Round "4"]
[White "Irkilmez, Yakub"]
[Black "Metzinger, Hannes"]
[Result "1/2-1/2"]
[Termination "normal"]
[Board "11"]
[WhiteElo "2169"]
[BlackElo "1845"]
[WhiteClock "00:00:41"]
[BlackClock "00:26:08"]
[PlyCount "82"]
[WhiteFideId "16204581"]
[BlackFideId "16239350"]
[EventCountry "GER"]
[EventRounds "9"]
[EventType "swiss"]
[EventDate "2022.06.04"]

1. Nf3 {[%clk 1:30:41]} Nf6 {[%clk 1:30:53]} 2. g3 {[%clk 1:31:04]} d5 {[%clk
1:31:06]} 3. Bg2 {[%clk 1:31:23]} b5 {[%clk 1:30:43]} 4. O-O {[%clk 1:31:37]}
e6 {[%clk 1:31:08]} 5. d3 {[%clk 1:31:42]} Bb7 {[%clk 1:31:16]} 6. Nbd2 {[%clk
1:31:29]} Be7 {[%clk 1:30:51]} 7. c4 {[%clk 1:28:51]} dxc4 {[%clk 1:22:26]} 8.
dxc4 {[%clk 1:28:12]} b4 {[%clk 1:22:04]} 9. a3 {[%clk 1:11:49]} O-O {[%clk
1:16:04]} 10. axb4 {[%clk 1:06:51]} Bxb4 {[%clk 1:16:29]} 11. Qc2 {[%clk
1:07:01]} Nbd7 {[%clk 1:14:51]} 12. Rd1 {[%clk 1:00:21]} Qe7 {[%clk 1:14:23]}
13. Nd4 {[%clk 0:44:19]} Bxg2 {[%clk 1:10:34]} 14. Kxg2 {[%clk 0:44:35]} Ng4
{[%clk 0:58:49]} 15. Ne4 {[%clk 0:42:43]} Nde5 {[%clk 0:55:26]} 16. h3 {[%clk
0:38:23]} c5 {[%clk 0:53:39]} 17. hxg4 {[%clk 0:32:55]} cxd4 {[%clk 0:53:51]}
18. Rxd4 {[%clk 0:13:39]} Nxg4 {[%clk 0:47:28]} 19. Ng5 {[%clk 0:13:24]} Nf6
{[%clk 0:47:54]} 20. Rf4 {[%clk 0:07:16]} Rfd8 {[%clk 0:46:54]} 21. Be3 {[%clk
0:06:54]} h6 {[%clk 0:45:43]} 22. Nf3 {[%clk 0:05:07]} Bc5 {[%clk 0:41:19]} 23.
Bxc5 {[%clk 0:03:08]} Qxc5 {[%clk 0:41:44]} 24. Qc3 {[%clk 0:03:22]} Rab8
{[%clk 0:39:23]} 25. Rxf6 {[%clk 0:01:58]} gxf6 {[%clk 0:39:40]} 26. Qxf6
{[%clk 0:02:23]} Qf8 {[%clk 0:37:42]} 27. Rxa7 {[%clk 0:02:32]} Qg7 {[%clk
0:38:06]} 28. Qxg7+ {[%clk 0:01:55]} Kxg7 {[%clk 0:38:16]} 29. Ne5 {[%clk
0:02:22]} Rxb2 {[%clk 0:32:29]} 30. Rxf7+ {[%clk 0:01:28]} Kg8 {[%clk 0:32:39]}
31. e3 {[%clk 0:01:13]} Rf8 {[%clk 0:32:41]} 32. Rxf8+ {[%clk 0:01:39]} Kxf8
{[%clk 0:33:07]} 33. c5 {[%clk 0:01:47]} Rc2 {[%clk 0:32:11]} 34. Kf3 {[%clk
0:01:21]} Ke7 {[%clk 0:32:22]} 35. c6 {[%clk 0:01:45]} h5 {[%clk 0:29:46]} 36.
Ng6+ {[%clk 0:01:31]} Kf6 {[%clk 0:29:30]} 37. Nf4 {[%clk 0:01:56]} h4 {[%clk
0:29:36]} 38. gxh4 {[%clk 0:01:53]} Rxc6 {[%clk 0:29:46]} 39. Kg3 {[%clk
0:00:55]} e5 {[%clk 0:27:38]} 40. Nd5+ {[%clk 0:01:04]} Ke6 {[%clk 0:25:55]}
41. e4 {[%clk 0:00:41]} Rc1 {[%clk 0:26:08]} 1/2-1/2

[Event "ODJM A 2022"]
[Site "Willingen GER"]
[Date "2022.06.07"]
[Round "4"]
[White "Zha, Kevin"]
[Black "Brunner, Tobias"]
[Result "1/2-1/2"]
[Termination "normal"]
[Board "12"]
[WhiteElo "1835"]
[BlackElo "2007"]
[WhiteClock "00:15:19"]
[BlackClock "00:25:44"]
[PlyCount "96"]
[WhiteFideId "16208951"]
[BlackFideId "12949833"]
[EventCountry "GER"]
[EventRounds "9"]
[EventType "swiss"]
[EventDate "2022.06.04"]

1. g3 {[%clk 1:30:57]} d5 {[%clk 1:30:32]} 2. Bg2 {[%clk 1:31:22]} Nf6 {[%clk
1:30:48]} 3. d3 {[%clk 1:31:26]} c5 {[%clk 1:28:20]} 4. f4 {[%clk 1:18:52]} e6
{[%clk 1:19:20]} 5. Nf3 {[%clk 1:18:08]} Be7 {[%clk 1:18:22]} 6. O-O {[%clk
1:18:25]} O-O {[%clk 1:18:45]} 7. Nc3 {[%clk 1:17:02]} d4 {[%clk 1:16:36]} 8.
Ne4 {[%clk 1:10:59]} Nd5 {[%clk 1:12:13]} 9. c4 {[%clk 1:07:25]} Nc7 {[%clk
1:04:30]} 10. e3 {[%clk 1:00:59]} Nc6 {[%clk 1:04:25]} 11. exd4 {[%clk
0:59:54]} Nxd4 {[%clk 1:04:27]} 12. Be3 {[%clk 0:57:42]} f5 {[%clk 0:56:32]}
13. Ned2 {[%clk 0:48:35]} Bf6 {[%clk 0:55:37]} 14. Rb1 {[%clk 0:44:13]} Qd6
{[%clk 0:52:36]} 15. Nb3 {[%clk 0:28:25]} Nxb3 {[%clk 0:49:49]} 16. Qxb3 {[%clk
0:26:40]} Rb8 {[%clk 0:50:13]} 17. Rfd1 {[%clk 0:23:35]} b5 {[%clk 0:42:08]}
18. Qc2 {[%clk 0:20:20]} Na6 {[%clk 0:32:43]} 19. d4 {[%clk 0:12:13]} cxd4
{[%clk 0:23:54]} 20. Nxd4 {[%clk 0:12:33]} Nb4 {[%clk 0:21:41]} 21. Qe2 {[%clk
0:09:35]} Bxd4 {[%clk 0:19:14]} 22. Rxd4 {[%clk 0:05:54]} Qe7 {[%clk 0:18:15]}
23. a3 {[%clk 0:05:20]} Na6 {[%clk 0:18:36]} 24. cxb5 {[%clk 0:05:35]} Nc7
{[%clk 0:18:29]} 25. Rc4 {[%clk 0:03:51]} Rd8 {[%clk 0:13:53]} 26. Bc5 {[%clk
0:03:14]} Qf7 {[%clk 0:13:11]} 27. a4 {[%clk 0:03:23]} Nd5 {[%clk 0:13:00]} 28.
Re1 {[%clk 0:02:53]} h6 {[%clk 0:10:43]} 29. Qe5 {[%clk 0:02:50]} Rb7 {[%clk
0:09:56]} 30. Bd6 {[%clk 0:01:51]} Rbd7 {[%clk 0:08:53]} 31. Ba3 {[%clk
0:01:33]} Nb6 {[%clk 0:08:35]} 32. Rcc1 {[%clk 0:00:48]} Nxa4 {[%clk 0:06:40]}
33. Qxe6 {[%clk 0:00:59]} Qxe6 {[%clk 0:06:25]} 34. Rxe6 {[%clk 0:01:27]} Kf7
{[%clk 0:04:00]} 35. Re2 {[%clk 0:01:52]} Bb7 {[%clk 0:04:00]} 36. Bc6 {[%clk
0:01:55]} Bxc6 {[%clk 0:01:56]} 37. bxc6 {[%clk 0:02:20]} Rc7 {[%clk 0:02:10]}
38. b4 {[%clk 0:01:21]} Rd3 {[%clk 0:01:51]} 39. Ra2 {[%clk 0:01:25]} Nc3
{[%clk 0:02:08]} 40. Rac2 {[%clk 0:01:10]} Nb5 {[%clk 0:01:21]} 41. Bb2 {[%clk
0:28:21]} Nd4 {[%clk 0:29:50]} 42. Bxd4 {[%clk 0:25:12]} Rxd4 {[%clk 0:28:21]}
43. Rb1 {[%clk 0:21:42]} a6 {[%clk 0:28:25]} 44. b5 {[%clk 0:21:54]} axb5
{[%clk 0:26:53]} 45. Rxb5 {[%clk 0:22:17]} Ke6 {[%clk 0:26:55]} 46. Rb7 {[%clk
0:18:36]} Kd6 {[%clk 0:25:49]} 47. Rxc7 {[%clk 0:16:01]} Kxc7 {[%clk 0:26:07]}
48. Kg2 {[%clk 0:15:19]} Rd6 {[%clk 0:25:44]} 1/2-1/2

[Event "ODJM A 2022"]
[Site "Willingen GER"]
[Date "2022.06.07"]
[Round "4"]
[White "Sabirov, Ramil"]
[Black "Kamp, Adrian"]
[Result "1-0"]
[Termination "normal"]
[Board "13"]
[WhiteElo "2124"]
[BlackElo "1969"]
[WhiteClock "00:06:56"]
[BlackClock "00:22:07"]
[PlyCount "93"]
[WhiteFideId "12900303"]
[BlackFideId "16222466"]
[EventCountry "GER"]
[EventRounds "9"]
[EventType "swiss"]
[EventDate "2022.06.04"]

1. Nf3 {[%clk 1:30:57]} c5 {[%clk 1:30:49]} 2. c4 {[%clk 1:30:46]} Nc6 {[%clk
1:30:43]} 3. g3 {[%clk 1:31:10]} g6 {[%clk 1:30:58]} 4. Bg2 {[%clk 1:31:35]}
Bg7 {[%clk 1:31:22]} 5. O-O {[%clk 1:31:51]} d6 {[%clk 1:31:22]} 6. Nc3 {[%clk
1:32:08]} e5 {[%clk 1:31:14]} 7. Ne1 {[%clk 1:30:38]} Nge7 {[%clk 1:31:12]} 8.
Nc2 {[%clk 1:30:50]} O-O {[%clk 1:31:13]} 9. d3 {[%clk 1:29:09]} f5 {[%clk
1:29:41]} 10. Ne3 {[%clk 1:26:46]} f4 {[%clk 1:24:32]} 11. Ned5 {[%clk
1:25:44]} g5 {[%clk 1:14:58]} 12. e3 {[%clk 1:22:49]} Bf5 {[%clk 1:11:07]} 13.
Re1 {[%clk 0:57:12]} Qd7 {[%clk 1:04:26]} 14. Ne4 {[%clk 0:51:25]} h6 {[%clk
0:55:54]} 15. Nxe7+ {[%clk 0:47:47]} Nxe7 {[%clk 0:54:27]} 16. Rb1 {[%clk
0:37:52]} Bg4 {[%clk 0:47:33]} 17. f3 {[%clk 0:22:16]} Be6 {[%clk 0:42:43]} 18.
b4 {[%clk 0:20:58]} b6 {[%clk 0:42:18]} 19. Bd2 {[%clk 0:11:32]} Kh8 {[%clk
0:37:51]} 20. Qe2 {[%clk 0:07:30]} Ng6 {[%clk 0:31:18]} 21. Kh1 {[%clk
0:05:36]} Rae8 {[%clk 0:29:06]} 22. Bc3 {[%clk 0:05:18]} Qd8 {[%clk 0:22:16]}
23. a4 {[%clk 0:04:54]} h5 {[%clk 0:21:45]} 24. Qb2 {[%clk 0:03:43]} Rf7 {[%clk
0:18:51]} 25. d4 {[%clk 0:02:19]} g4 {[%clk 0:13:33]} 26. fxg4 {[%clk 0:02:17]}
f3 {[%clk 0:12:48]} 27. Bf1 {[%clk 0:02:44]} Bxg4 {[%clk 0:12:42]} 28. dxc5
{[%clk 0:01:54]} bxc5 {[%clk 0:09:32]} 29. bxc5 {[%clk 0:02:06]} dxc5 {[%clk
0:08:22]} 30. Red1 {[%clk 0:02:05]} Qa8 {[%clk 0:08:10]} 31. Nf2 {[%clk
0:02:16]} Bf5 {[%clk 0:07:36]} 32. Rbc1 {[%clk 0:01:51]} Rb8 {[%clk 0:07:08]}
33. Qa3 {[%clk 0:02:10]} Qc6 {[%clk 0:04:53]} 34. Rd5 {[%clk 0:02:36]} Rc7
{[%clk 0:03:46]} 35. Rcd1 {[%clk 0:03:00]} Rb1 {[%clk 0:03:38]} 36. Rxb1 {[%clk
0:02:56]} Bxb1 {[%clk 0:04:01]} 37. e4 {[%clk 0:02:29]} Bc2 {[%clk 0:02:18]}
38. Qc1 {[%clk 0:01:38]} Bxa4 {[%clk 0:01:38]} 39. Qg5 {[%clk 0:02:04]} Qf6
{[%clk 0:00:48]} 40. Rd8+ {[%clk 0:01:23]} Kh7 {[%clk 0:00:35]} 41. Qxh5+
{[%clk 0:26:52]} Bh6 {[%clk 0:30:56]} 42. Ng4 {[%clk 0:07:37]} Qg5 {[%clk
0:28:14]} 43. Qh3 {[%clk 0:06:59]} Bd7 {[%clk 0:24:54]} 44. Rxd7+ {[%clk
0:06:36]} Rxd7 {[%clk 0:25:14]} 45. Nxh6 {[%clk 0:07:00]} Qxh6 {[%clk 0:22:03]}
46. Qxd7+ {[%clk 0:07:26]} Kh8 {[%clk 0:22:07]} 47. Qh3 {[%clk 0:06:56]} 1-0

[Event "ODJM A 2022"]
[Site "Willingen GER"]
[Date "2022.06.07"]
[Round "4"]
[White "Garbuz, Vitaly"]
[Black "Gallasch, Robin"]
[Result "1/2-1/2"]
[Termination "normal"]
[Board "14"]
[WhiteElo "2134"]
[BlackElo "2063"]
[WhiteClock "00:00:42"]
[BlackClock "00:03:39"]
[PlyCount "75"]
[WhiteFideId "12990710"]
[BlackFideId "16222423"]
[EventCountry "GER"]
[EventRounds "9"]
[EventType "swiss"]
[EventDate "2022.06.04"]

1. e4 {[%clk 1:30:59]} c6 {[%clk 1:30:53]} 2. Nf3 {[%clk 1:31:23]} d5 {[%clk
1:31:10]} 3. d3 {[%clk 1:31:47]} dxe4 {[%clk 1:24:32]} 4. dxe4 {[%clk 1:32:11]}
Qxd1+ {[%clk 1:24:56]} 5. Kxd1 {[%clk 1:32:37]} Bg4 {[%clk 1:23:00]} 6. Be2
{[%clk 1:29:52]} Nd7 {[%clk 1:21:41]} 7. Nfd2 {[%clk 1:25:33]} Bxe2+ {[%clk
1:18:33]} 8. Kxe2 {[%clk 1:25:42]} e6 {[%clk 1:17:29]} 9. a4 {[%clk 1:25:08]}
Ne7 {[%clk 1:05:54]} 10. Nc4 {[%clk 1:15:41]} Ng6 {[%clk 1:02:43]} 11. Be3
{[%clk 1:13:48]} Nde5 {[%clk 0:47:16]} 12. Nxe5 {[%clk 1:11:12]} Nxe5 {[%clk
0:47:40]} 13. Nd2 {[%clk 1:11:34]} Be7 {[%clk 0:39:16]} 14. f4 {[%clk 1:07:04]}
Ng4 {[%clk 0:34:32]} 15. Bg1 {[%clk 1:06:30]} O-O {[%clk 0:34:29]} 16. h3
{[%clk 1:05:32]} Nf6 {[%clk 0:34:37]} 17. Kf3 {[%clk 1:04:17]} Rfd8 {[%clk
0:31:42]} 18. Nc4 {[%clk 1:03:07]} c5 {[%clk 0:23:01]} 19. Be3 {[%clk 0:59:43]}
Rac8 {[%clk 0:20:54]} 20. a5 {[%clk 0:48:23]} g6 {[%clk 0:19:00]} 21. a6 {[%clk
0:38:02]} b6 {[%clk 0:18:31]} 22. Rhd1 {[%clk 0:34:19]} Ne8 {[%clk 0:15:47]}
23. g4 {[%clk 0:13:50]} Nc7 {[%clk 0:15:16]} 24. Rxd8+ {[%clk 0:13:25]} Rxd8
{[%clk 0:15:36]} 25. Ne5 {[%clk 0:08:16]} Rd6 {[%clk 0:04:54]} 26. Nc4 {[%clk
0:08:42]} Rd8 {[%clk 0:05:20]} 27. Ne5 {[%clk 0:07:23]} Rd6 {[%clk 0:05:45]}
28. g5 {[%clk 0:07:48]} Bf8 {[%clk 0:04:14]} 29. Nc4 {[%clk 0:03:59]} Rd8
{[%clk 0:04:36]} 30. f5 {[%clk 0:02:47]} exf5 {[%clk 0:03:40]} 31. exf5 {[%clk
0:02:49]} gxf5 {[%clk 0:04:04]} 32. Ne5 {[%clk 0:00:54]} Ne6 {[%clk 0:02:37]}
33. Nc6 {[%clk 0:01:21]} Rd7 {[%clk 0:03:01]} 34. Ne5 {[%clk 0:00:33]} Rd5
{[%clk 0:02:28]} 35. Nc6 {[%clk 0:00:34]} Rd7 {[%clk 0:02:50]} 36. Ne5 {[%clk
0:00:42]} Rd5 {[%clk 0:03:14]} 37. Nc6 {[%clk 0:00:42]} Rd7 {[%clk 0:03:39]}
38. Ne5 1/2-1/2

[Event "ODJM A 2022"]
[Site "Willingen GER"]
[Date "2022.06.07"]
[Round "4"]
[White "Schmitt, Daniel"]
[Black "Paeslack, Luis"]
[Result "1-0"]
[Termination "normal"]
[Board "15"]
[WhiteElo "2128"]
[BlackElo "1889"]
[WhiteClock "00:28:25"]
[BlackClock "00:01:53"]
[PlyCount "67"]
[WhiteFideId "16279018"]
[BlackFideId "12987760"]
[EventCountry "GER"]
[EventRounds "9"]
[EventType "swiss"]
[EventDate "2022.06.04"]

1. e4 {[%clk 1:30:57]} c5 {[%clk 1:30:57]} 2. Nf3 {[%clk 1:31:19]} d6 {[%clk
1:31:21]} 3. Bb5+ {[%clk 1:31:19]} Bd7 {[%clk 1:31:38]} 4. Bxd7+ {[%clk
1:31:41]} Qxd7 {[%clk 1:31:33]} 5. O-O {[%clk 1:32:00]} Nc6 {[%clk 1:26:18]} 6.
c3 {[%clk 1:31:39]} e5 {[%clk 1:15:46]} 7. d4 {[%clk 1:30:25]} Rd8 {[%clk
0:54:22]} 8. Na3 {[%clk 1:26:30]} Nf6 {[%clk 0:44:35]} 9. Bg5 {[%clk 1:21:16]}
Be7 {[%clk 0:42:30]} 10. Re1 {[%clk 1:18:28]} h6 {[%clk 0:37:15]} 11. Bxf6
{[%clk 1:14:40]} Bxf6 {[%clk 0:37:27]} 12. dxc5 {[%clk 1:09:14]} dxc5 {[%clk
0:37:52]} 13. Nc4 {[%clk 1:07:34]} g5 {[%clk 0:25:36]} 14. Ne3 {[%clk 1:06:04]}
Qe6 {[%clk 0:22:56]} 15. Nd5 {[%clk 1:02:04]} O-O {[%clk 0:19:38]} 16. Qe2
{[%clk 0:57:11]} Bg7 {[%clk 0:16:44]} 17. Ne3 {[%clk 0:56:13]} Ne7 {[%clk
0:14:42]} 18. Nd2 {[%clk 0:50:48]} a6 {[%clk 0:12:33]} 19. a4 {[%clk 0:50:20]}
Ng6 {[%clk 0:10:50]} 20. g3 {[%clk 0:49:59]} Rd7 {[%clk 0:05:20]} 21. a5 {[%clk
0:47:51]} Ne7 {[%clk 0:03:44]} 22. Ndc4 {[%clk 0:46:25]} f5 {[%clk 0:04:00]}
23. exf5 {[%clk 0:44:43]} Nxf5 {[%clk 0:04:26]} 24. Nxf5 {[%clk 0:43:50]} Qxf5
{[%clk 0:04:49]} 25. Nd2 {[%clk 0:40:08]} e4 {[%clk 0:02:41]} 26. Nxe4 {[%clk
0:35:25]} Re7 {[%clk 0:03:08]} 27. Qc4+ {[%clk 0:34:44]} Kh8 {[%clk 0:03:21]}
28. Re2 {[%clk 0:34:24]} Rfe8 {[%clk 0:02:31]} 29. Rae1 Qg4 {[%clk 0:01:38]}
30. Re3 {[%clk 0:33:24]} h5 {[%clk 0:01:02]} 31. Kg2 {[%clk 0:30:14]} Bd4
{[%clk 0:01:02]} 32. cxd4 {[%clk 0:29:39]} Rxe4 {[%clk 0:01:28]} 33. Rxe4
{[%clk 0:28:30]} Rxe4 {[%clk 0:01:53]} 34. f3 {[%clk 0:28:25]} 1-0